Quizzes
Events
Quiz Creation
Community
Videos
Private Events
Remove Ads
Sign In
Join for FREE
Feedback
Dark Mode
Quiz Categories
Sports
Geography
Music
Movies
Television
Just For Fun
Miscellaneous
History
Literature
Language
Science
Gaming
Entertainment
Religion
Holiday
For Kids
Quiz Lab
Recent
Popular Today
Quiz Kudos Today
Editor Picks
Curator Picks
Quizzes by...
Day
Popularity
Type
Ratings
Length
Year
Community
Subscriptions
Recent Discussions
Orange Saloon
Badges
Playlists
Quests
Create
Leaderboards
Showdown
Live 5
Trivia Bingo
Activity
Puzzle Library
Sporcle Events
Private Events
Virtual Trivia
Globe League
Become a Host
Pub Owners
SporcleCon
Opinionation
Our Games
Videos
Blog
Mobile Apps
Partnerships
Remove Ads and Go Orange
Feedback
Sports
Athletes
MLB
NBA
NHL
NFL
Soccer
Sports Teams
WWE
NCAA
Football
Premier League
Basketball
Baseball
Hockey
Golf
Tennis
Cricket
Rugby
Auto Racing
Olympics
World Cup
Sports
Athletes
MLB
NBA
NHL
NFL
Soccer
Sports Teams
WWE
NCAA
Football
Premier League
Basketball
Baseball
Hockey
Golf
Tennis
Cricket
Rugby
Auto Racing
Olympics
World Cup
Random Quiz
Search Sporcle
×
Quiz Lab
Quiz Lab
Sports
NHL
Type in answers that appear in a list
Type in answers that appear in a list
Classic
Best Score? Go Orange.
AHL stadiums Stats
Can you name the AHL stadiums?
By
REDSKINS1
10m
30 Questions
20 Plays
20 Plays
20 Plays
Comments
Comments
Give Quiz Kudos
Give Quiz Kudos
-
- Ratings
hide this ad
Replay
Link that replays current quiz
Next Quiz
Link to next quiz in quiz playlist
You Got
0%
They Got
Avg Score
56%
Avg Friend Score
Upgrade to see
Score Distribution
Jump to the score distribution portion of the page
Score
0/30
Timer
10:00
0
Plays Today
Stadium
Team
% Correct
Times Union Center
Albany Devils
80%
Broome County Veterans Memorial Arena
Binghamton Senators
80%
Glens Falls Civic Center
Adirondack Phantoms
75%
Allstate Arena
Chicago Wolves
75%
Abbotsford Entertainment & Sports Centre
Abbotsford Heat
70%
Time Warners Cable Arena
Charlotte Checkers
65%
Van Andel Arena
Grand Rapids Griffins
65%
Quicken Loans Arena
Lake Erie Monsters
65%
Webster Bank Arena
Bridgeport Sound Tigers
60%
Giant Center
Hershey Bears
60%
Dunkin' Donuts Center
Providence Bruins
60%
DCU Center
Worchester Sharks
60%
Verizon Wireless Arena
Manchester Monarchs
55%
BMO Haris Bank Arena
Rockford IceHogs
55%
Cedar Park Center
Texas Stars
55%
Stadium
Team
% Correct
Mohegan Sun Arena at Casey Plaza
Wilkes-Barre
55%
Copps Coliseum
Hamilton Bulldogs
50%
Toyota Center
Houston Aeros
50%
Cox Convention Center
Oklahoma City Barons
50%
Peoria Civic Center
Peoria Rivermen
50%
Cumberland County Civic Center
Portland Pirates
50%
XL Center
Connecticut Whales
45%
BMO Harris Bradley Arena
Milwaukee Admirals
45%
Norfolk Scope
Norfolk Admirals
45%
Blue Cross Arena
Rochester Americans
45%
Mile One Centre
St. Johns IceCaps
45%
MassMutual Center
Springfield Falcons
45%
Oncenter War Memorial Arena
Syracuse Crunch
45%
Ricoh Coliseum
Toronto Marlies
45%
AT&T Center
San Antonio Rampage
40%
Quiz Playlist
Details
Report
Send in Message
Add To Playlist
Classic:
Type in answers that appear in a list
Last Updated: Feb 16, 2017
Quiz Scoreboard
CHALLENGE
Sign Up to Join the Scoreboard
Show All
Scores
Hide
Comments
May contain spoilers
Recently Published
9x9 Crossword: Cartoon Network
by jackfrog10
Miscellaneous
3m
College Basketball Coaching Resumes
by pancakes188
Sports
9m
Billboard Blitz: Fleetwood Mac
by CooCooCachoo
Music
15s
More to Explore
Quiz From the Vault
Featured Blog Post
Where Did the Easter Bunny Come From?
hide this ad
You Might Also Like...
Tags
NHL Quiz
Affiliation
AHL
Stadiums
team
Today's Top Quizzes in Sports
Browse Sports
hide this ad
Today's Top Quizzes in NHL
Browse NHL
Top Contributed Quizzes in Sports
1
2022 World Cup Stars
2
Les meilleurs buteurs des matchs entre le PSG et l’OM
3
FIFA Club World Cup Champions
4
Les entraîneurs de l'OM et du PSG au 21e siècle
5
Criteria MLB: Left Handed Sluggers
6
AFC Teams Reveal (Wrong Answers Minefield)
7
2023 MLB Unique Player Accomplishments
8
5-to-1: FBS Animal Nicknames
9
Players with Multiple 50 Home Run Seasons
10
5-to-1: UK Sports Teams
Explore More
Trending Topics
Anime
Marvel
NBA
Disney
Crossword
Harry Potter
Kpop
The Office
NFL
Country
Soccer
Pokémon
WWE
Song
Puzzle
hide this ad
More By:
REDSKINS1
Quiz
Plays
Rating
Category
Featured
Created
NHL teams to never play in the stanley cup finals
227
2.20
Sports
Feb 14, 2013
MLB Rookies to Lead League in Strikeouts
80
3.50
Sports
Feb 13, 2013
Best Year After Year
75
4.50
Sports
Mar 22, 2013
Bruce Springsteen Albums
59
1.33
Music
Feb 13, 2013
AHL stadiums
20
Sports
Feb 13, 2013
Go to Creator's Profile
Score Distribution
Quiz Creator Spotlight
REDSKINS1
Follow
Send a Message
Quizzes Created
-
Created Quiz Play Count
-
More By This Creator
Popular Quizzes Today
1
Find the US States - No Outlines Minefield
2
Find the Countries of Europe - No Outlines Minefield
3
The Countries of the World
4
Find the US States
5
Risky Map Clicking: Biggest States A-Z
6
US States
7
Popular People in 1961
8
Movies - When Are They Set?
More Sports Quizzes
MLB League Leaders (2015)
Quiz Lab
Trending Quizzes
Risky Map Clicking: Least Populous States A-Z
1-10 Letter G Words
1-10 Letter F Words
Risky Map Clicking: Next State Alphabetically
Adjectives in 80s TV Shows
Recently Updated
Leaping Animals
pecheneg
Reality TV Shows (A-Z)
bhenderson79
Rickey Henderson's Hall of Fame Teammates
pecheneg
Champions League XIs: Arsenal
pecheneg
Quick Pick: Celebrities in WWE's Hall of Fame
aduchscher
A-Z Keypad Blitz II
pecheneg
Multiple Oscar Actors
pecheneg
Mystery Phrase Blitz: Oscar 'Best Actors'
pecheneg
F. Scott Fitzgerald Novels
LTH
Pick 3 Villains
ddd62291
Trending Topics
Disney
Harry Potter
Kpop
Marvel
Anime
NBA
Crossword
Song
Soccer
WWE
The Office
Country
Puzzle
Pokémon
NFL
Your Account Isn't Verified!
In order to create a playlist on Sporcle, you need to verify the email address you used during registration. Go to your
Sporcle Settings
to finish the process.
Report this User
Report this user for behavior that violates our
Community Guidelines
.
Details:
Send Report
Go to the Sporcle.com Mobile Site →
Comments